Normal view
MARC view
Entry Topical Term
001 - CONTROL NUMBER
- control field: 889
003 - CONTROL NUMBER IDENTIFIER
- control field: OSt
005 - DATE AND TIME OF LATEST TRANSACTION
- control field: 20211105132203.0
008 - FIXED-LENGTH DATA ELEMENTS
- fixed length control field: 211105|| aca||aabn | a|a d
040 ## - CATALOGING SOURCE
- Original cataloging agency: OSt
- Transcribing agency: OSt
150 ## - HEADING--TOPICAL TERM
- Topical term or geographic name entry element: Ephemeris
670 ## - SOURCE DATA FOUND
- Source citation: Work cat.: (OSt): Reio, J. F. M. 887, Chronological tables,containing corresponding dates of different areas used in the provinces of Bengal, Bihar, Orissa and Beharas and the coded and conquered provinces, 1835